[Event "Managua Hurtado Memorial 22nd"]
[Site "Managua"]
[Date "2022.12.29"]
[Round "6"]
[White "Davila, Carlos"]
[Black "Picado, Jorge Luis"]
[Result "1-0"]
[WhiteElo "2196"]
[BlackElo "2074"]
[PlyCount "105"]
[EventDate "2022.12.26"]
[EventType "swiss"]
[EventRounds "9"]
[EventCountry "NCA"]
[SourceTitle "CBM 212 Extra"]
[Source "ChessBase"]
[SourceDate "2023.03.31"]
[SourceVersion "1"]
[SourceVersionDate "2023.03.31"]
[SourceQuality "1"]

1. e4 c5 2. Nf3 e6 3. Nc3 a6 4. Be2 Qc7 5. 0-0 Nf6 6. d4 cxd4 7. Nxd4 d6 8. f4 Be7 9. Be3 Nbd7 10. Bf3 Nb6 11. Kh1 Nc4 12. Bc1 Bd7 13. b3 Ne3 14. Bxe3 Qxc3 15. Bg1 Rc8 16. e5 dxe5 17. fxe5 Nd5 18. Bxd5 exd5 19. Qh5 0-0 20. Rad1 g6 21. Qh6 Qc7 22. Nf3 Bb5 23. Rfe1 Rfd8 24. Bd4 Bf8 25. Qh4 Qe7 26. Qf2 Bh6 27. c3 Re8 28. Be3 Bxe3 29. Rxe3 Bc6 30. Rde1 Bd7 31. Nd4 Be6 32. Rf3 Rc7 33. h3 Rec8 34. Ree3 Re8 35. Rf6 Qd8 36. Qg3 Rce7 37. h4 Bd7 38. Rd6 Qc7 39. Rxd5 h5 40. c4 Bg4 41. Kh2 Qb6 42. Qf4 Qb4 43. Nc2 Qb6 44. Rd6 Qa5 45. a4 b5 46. axb5 axb5 47. Nd4 Bd7 48. cxb5 Bxb5 49. Rd5 Rb7 50. e6 fxe6 51. Rxe6 Rxe6 52. Nxe6 Qe1 53. Qf8+ 1-0

[Event "NCA-chT final"]
[Site "Managua"]
[Date "2021.10.16"]
[Round "1.1"]
[White "Davila, Carlos"]
[Black "Alfaro Caracas, William"]
[Result "1/2-1/2"]
[WhiteElo "2193"]
[BlackElo "2173"]
[PlyCount "60"]
[EventDate "2021.10.16"]
[EventType "team-tourn"]
[EventRounds "11"]
[EventCountry "NCA"]
[SourceTitle "EXT 2023"]
[Source "ChessBase"]
[SourceDate "2022.10.05"]
[SourceVersion "1"]
[SourceVersionDate "2022.10.05"]
[SourceQuality "1"]
[WhiteTeam "Clemente Guido"]
[BlackTeam "Universidad de Ingenieria"]
[WhiteTeamCountry "NCA"]
[BlackTeamCountry "NCA"]

1. e4 c5 2. Nf3 d6 3. Nc3 e5 4. Bc4 Be7 5. d3 Nf6 6. Nd2 Nc6 7. Nf1 a6 8. a4 Be6 9. Ne3 Qd7 10. 0-0 0-0 11. f4 exf4 12. Rxf4 Ne5 13. Ba2 b5 14. Ncd5 Bxd5 15. Nxd5 Nxd5 16. Bxd5 Rab8 17. axb5 axb5 18. h3 Nc6 19. c3 Bg5 20. Rf1 Bxc1 21. Qxc1 Ne7 22. Qg5 h6 23. Qh5 Nxd5 24. Qxd5 c4 25. dxc4 bxc4 26. Rf2 Qe6 27. Ra6 Rfd8 28. Ra7 Rf8 29. Ra6 Rfd8 30. Ra7 Rf8 1/2-1/2

[Event "NCA-ch op"]
[Site "Managua"]
[Date "2021.09.04"]
[Round "4"]
[White "Alfaro Caracas, William"]
[Black "Davila, Carlos"]
[Result "1/2-1/2"]
[WhiteElo "2171"]
[BlackElo "2199"]
[PlyCount "28"]
[EventDate "2021.08.28"]
[EventType "swiss"]
[EventRounds "9"]
[EventCountry "NCA"]
[SourceTitle "EXT 2023"]
[Source "ChessBase"]
[SourceDate "2022.10.05"]
[SourceVersion "1"]
[SourceVersionDate "2022.10.05"]
[SourceQuality "1"]

1. e4 e5 2. Nf3 Nc6 3. Bb5 a6 4. Bxc6 dxc6 5. d4 exd4 6. Qxd4 Qxd4 7. Nxd4 c5 8. Ne2 Bd7 9. Nbc3 0-0-0 10. 0-0 Ne7 11. Bf4 Ng6 12. Bc1 Ne7 13. Bf4 Ng6 14. Bc1 Ne7 1/2-1/2

[Event "Managua Hurtado Memorial 20th"]
[Site "Managua"]
[Date "2020.12.28"]
[Round "5"]
[White "Davila, Carlos"]
[Black "Picado, Jorge Luis"]
[Result "1/2-1/2"]
[WhiteElo "2201"]
[BlackElo "2202"]
[PlyCount "40"]
[EventDate "2020.12.26"]
[EventType "swiss"]
[EventRounds "9"]
[EventCountry "NCA"]
[SourceTitle "CBM 200 Extra"]
[Source "ChessBase"]
[SourceDate "2021.03.31"]
[SourceVersion "1"]
[SourceVersionDate "2021.03.31"]
[SourceQuality "1"]

1. d4 Nf6 2. Nf3 e6 3. Bg5 d5 4. Nbd2 Be7 5. e3 Nbd7 6. Bd3 0-0 7. h4 c5 8. c3 c4 9. Bc2 b5 10. Ne5 Bb7 11. Nxd7 Nxd7 12. Qh5 f5 13. Bxe7 Qxe7 14. Qg5 Qxg5 15. hxg5 e5 16. f4 e4 17. a4 a6 18. a5 Bc6 19. b4 g6 20. Bd1 Nb8 1/2-1/2

[Event "Managua Hurtado Memorial 20th"]
[Site "Managua"]
[Date "2020.12.28"]
[Round "4"]
[White "Simplina, Amor"]
[Black "Davila, Carlos"]
[Result "1/2-1/2"]
[WhiteElo "2132"]
[BlackElo "2201"]
[PlyCount "43"]
[EventDate "2020.12.26"]
[EventType "swiss"]
[EventRounds "9"]
[EventCountry "NCA"]
[SourceTitle "CBM 200 Extra"]
[Source "ChessBase"]
[SourceDate "2021.03.31"]
[SourceVersion "1"]
[SourceVersionDate "2021.03.31"]
[SourceQuality "1"]

1. d4 g6 2. Nf3 Bg7 3. c4 d6 4. Nc3 Nf6 5. e4 0-0 6. Be2 Bg4 7. Be3 Bxf3 8. Bxf3 Nc6 9. Be2 e5 10. d5 Nd4 11. 0-0 c5 12. dxc6 bxc6 13. f3 Rb8 14. Qd2 d5 15. cxd5 cxd5 16. Bxd4 exd4 17. Nxd5 Nxd5 18. exd5 Qxd5 19. Bd3 Rfe8 20. b3 Re3 21. Rad1 Bf6 22. Qc2 1/2-1/2